000 00530nam a22001817a 4500
005 20251108173259.0
008 250721s2006 xx 000 0 ara d
082 1 4 _a615.85/أوش
100 1 _aأوشو،
_eمؤلف
245 1 0 _aمن العلاج إلى التأمل /
264 1 _aبيروت :
_bدار الخيال للنشر والتوزيع،
_c2006.
300 _a391ص.
650 1 7 _aالتأمل
650 1 7 _aالعلاج الطبيعي
700 1 _aحبيب، محمد
942 _2ddc
_cBK
999 _c100240
_d100240